000 00824cab a2200193 4500
001 ABS41575
008 090401t1989 xxu||||| |||| 00| 0 eng d
035 _a(Sirsi) u30995
041 _aeng
100 _aLeopald, E.
245 _aImpact of proposals to develop the King`s Cross Railway Lands
260 _c1989
350 _a0
490 _aLocal Economy
_v4(1) May 1989, 17-28(7)
520 _aDescribes some consequences of the Kings Cross Railway Lands development which, if approved will go ahead just as new local authority legislation begins to bite, on the local authority involved and local communities. It argues the need for other local authorities to rethink their approach to large scale planning applications . References.
690 _aPLANNING LAW AND PRACTICE
942 _n0
948 _c04/03/1997
999 _c20848
_d20848